LEADER 02512nas 2200757-a 450 001 996216802703316 005 20221226231326.0 011 $a2101-0137 035 $a(CKB)110978976481209 035 $a(CONSER)--2011235742 035 $a(DE-599)ZDB2484400-7 035 $a(OCoLC)576061631 035 $a(EXLCZ)99110978976481209 100 $a20100325a19879999 --- - 101 0 $afre 135 $aurbn||||||abp 135 $aurbn||||||ada 181 $ctxt$2rdacontent 182 $cc$2rdamedia 183 $acr$2rdacarrier 200 00$aGuerres mondiales et conflits contemporains 210 $a[Vendo?me, France] $cPresses universitaires de France$d1987- 300 $aSome numbers have distinctive titles. 300 $aRefereed/Peer-reviewed 311 $a0984-2292 606 $aWorld War, 1914-1918$vPeriodicals 606 $aWorld War, 1939-1945$vPeriodicals 606 $aWorld politics$y20th century$vPeriodicals 606 $aWorld politics$y21st century$vPeriodicals 606 $aMilitary history, Modern$y20th century$vPeriodicals 606 $aGuerre mondiale, 1914-1918$vPe?riodiques 606 $aGuerre mondiale, 1939-1945$vPe?riodiques 606 $aHistoire militaire$vPe?riodiques 606 $aMilitary history, Modern$2fast$3(OCoLC)fst01021239 606 $aWorld politics$2fast$3(OCoLC)fst01181381 606 $aInternational conflicts$2gtt$3(NL-LeOCL)078547830 606 $aWars$2gtt$3(NL-LeOCL)078613124 606 $aMILITARY HISTORY$2unbist 606 $aARMED CONFLICTS$2unbist 606 $aWAR$2unbist 606 $aEUROPE$2unbist 606 $aWORLD WAR (1939-1945)$2unbist 608 $aPeriodicals.$2fast 615 0$aWorld War, 1914-1918 615 0$aWorld War, 1939-1945 615 0$aWorld politics 615 0$aWorld politics 615 0$aMilitary history, Modern 615 6$aGuerre mondiale, 1914-1918 615 6$aGuerre mondiale, 1939-1945 615 6$aHistoire militaire 615 7$aMilitary history, Modern. 615 7$aWorld politics. 615 17$aInternational conflicts. 615 17$aWars. 615 7$aMILITARY HISTORY. 615 7$aARMED CONFLICTS. 615 7$aWAR. 615 7$aEUROPE. 615 7$aWORLD WAR (1939-1945) 676 $a909.82/05 712 02$aInstitut d'histoire des conflits contemporains (France) 906 $aJOURNAL 912 $a996216802703316 996 $aGuerres mondiales et conflits contemporains$9796134 997 $aUNISA LEADER 02632 am 2200793 n 450 001 9910321957903321 005 20190405 010 $a2-37154-079-X 024 7 $a10.4000/books.iheal.6714 035 $a(CKB)4100000008168366 035 $a(FrMaCLE)OB-iheal-6714 035 $a(oapen)https://directory.doabooks.org/handle/20.500.12854/52261 035 $a(PPN)236711881 035 $a(EXLCZ)994100000008168366 100 $a20190510j|||||||| ||| 0 101 0 $afre 135 $auu||||||m|||| 181 $ctxt$2rdacontent 182 $cc$2rdamedia 183 $acr$2rdacarrier 200 12$aL?encadrement des paysanneries dans les zones de colonisation en Amérique latine $eATP du CNRS : Impact du Système urbain dans les campagnes du Tiers Monde /$fRomain Gaignard, Claude Bataillon 210 $aParis $cÉditions de l?IHEAL$d2019 215 $a1 online resource (IV-178 p.) 606 $aHistory 606 $apaysannerie 606 $acolonisation 606 $acampagne 606 $asystème urbain 606 $aAmérique Latine 610 $asystème urbain 610 $acolonisation 610 $acampagne 610 $aAmérique Latine 610 $apaysannerie 615 4$aHistory 615 4$apaysannerie 615 4$acolonisation 615 4$acampagne 615 4$asystème urbain 615 4$aAmérique Latine 700 $aAllen$b Elisabeth A$01299951 701 $aApesteguy$b Christine$01299952 701 $aBataillon$b C$01299953 701 $aBlanadet$b Raymond$01299954 701 $aCail-Coms$b Michèle$01299955 701 $aCollin-Delavaud$b Anne$0130466 701 $aCollin-Delavaud$b Claude$0559612 701 $aDehouve$b Danièle$0884083 701 $aDemyck$b Michel$01299956 701 $aFort$b Odile$01299957 701 $aGaignard$b R$01299958 701 $aGros$b Christian$01289316 701 $aMarchal$b J.-Y$01299959 701 $aMaury$b Patrick$01299960 701 $aPort-Levet$b Frederick$01299961 701 $aPreston$b David A$0121913 701 $aRaison$b Jean-Pierre$0272186 701 $aRevel-Mouroz$b Jean$01232606 701 $aRevel Mouroz$b Jean$01299962 701 $aRivière d?Arc$b Hélène$01284444 701 $aSantana$b Roberto$01299963 701 $aThery$b Hervé$0375747 701 $aGaignard$b Romain$01299964 701 $aBataillon$b Claude$0342649 801 0$bFR-FrMaCLE 906 $aBOOK 912 $a9910321957903321 996 $aL?encadrement des paysanneries dans les zones de colonisation en Amérique latine$93025331 997 $aUNINA